Online
Catalog

Biblioteca de autores españoles. : (Record no. 4106)

MARC details
000 -CABECERA
campo de control de longitud fija 00580nam a2200169 a 4500
001 - NÚMERO DE CONTROL
campo de control 000004297
005 - FECHA Y HORA DE LA ÚLTIMA TRANSACCIÓN
campo de control 20200929151425.0
008 - DATOS DE LONGITUD FIJA--INFORMACIÓN GENERAL
campo de control de longitud fija 090721s1852 sp 000 0 spa d
040 ## - FUENTE DE LA CATALOGACIÓN
Centro catalogador/agencia de origen DO-SdBNP
Lengua de catalogación spa
Centro/agencia transcriptor BNPHU
082 ## - NÚMERO DE LA CLASIFICACIÓN DECIMAL DEWEY
Número de clasificación xxxx
Número de documento/Ítem xxx
245 00 - MENCIÓN DE TÍTULO
Título Biblioteca de autores españoles. :
Resto del título desde la formación del lenguaje hasta nuestros días.
250 ## - MENCIÓN DE EDICIÓN
Mención de edición 2da. ed.
260 ## - PUBLICACIÓN, DISTRIBUCIÓN, ETC.
Lugar de publicación, distribución, etc. Madrid, España :
Nombre del editor, distribuidor, etc. M. rivadeneyra,
Fecha de publicación, distribución, etc. 1852.
300 ## - DESCRIPCIÓN FÍSICA
Extensión 567 p. ;
Dimensiones 25 cm.
505 2# - NOTA DE CONTENIDO CON FORMATO
Título Elegías de varones ilustres de indias, por Juan de Castellanos.
Información miscelánea v. 4
500 ## - NOTA GENERAL
Nota general La biblioteca posee el volumen 4
Holdings
Estado de retiro Estado de pérdida Restricciones de uso No para préstamo Código de colección Localización permanente Ubicación/localización actual Ubicación en estantería Fecha de adquisición Número de inventario Total de préstamos Signatura topográfica completa Código de barras Fecha visto por última vez Precio válido a partir de Tipo de ítem Koha
      Excluido de préstamo Monografías: Libros y Folletos General General En catalogación 21.07.2009 LF1   xxxx xxx 4297-10 25.06.2020 25.06.2020 No se presta

Powered by Koha